Tilastot visalle Suomalaisia kirjaklassikoita

Klikkaa tästä pelataksesi tätä visaa!

Yleistilastot

  • Tätä visaa on pelattu 49 kertaa
  • Keskiarvotulos 27 / 62

Vastaustilastot

HintVastaus% Oikein
Komisario Palmun erehdysMika Waltari
95%
Sinuhe EgyptiläinenMika Waltari
95%
Seitsemän veljestäAleksis Kivi
90%
PuhdistusSofi Oksanen
90%
Täällä Pohjantähden allaVäinö Linna
90%
Tuntematon sotilasVäinö Linna
90%
KalevalaElias Lönnrot
82%
KanteletarElias Lönnrot
82%
Koiramäen talossaMauri Kunnas
82%
RautatieJuhani Aho
77%
Työmiehen vaimoMinna Canth
74%
Vänrikki Stoolin tarinatJ. L. Runeberg
67%
HäräntappoaseAnna-Leena Härkönen
64%
Jäniksen vuosiArto Paasilinna
64%
MielensäpahoittajaTuomas Kyrö
64%
JuhannustanssitHannu Salama
62%
HelkavirsiäEino Leino
56%
TaikatalviTove Jansson
56%
Nuorena nukkunutF. E. Sillanpää
54%
Punainen viivaIlmari Kianto
54%
Tiitiäisen satupuuKirsi Kunnas
54%
Hylätyt talot, autiot pihatLaila Hietamies
54%
Hytti nro 6Rosa Liksom
54%
Havukka-ahon ajattelijaVeikko Huovinen
54%
Ihmisiä telineilläKalle Päätalo
51%
JuoksuhaudantieKari Hotakainen
51%
Poliisin poikaJari Tervo
49%
Maa on syntinen lauluTimo K. Mukka
49%
Alastalon salissaVolter Kilpi
46%
TalvisotaAntti Tuuri
44%
Niskavuoren nuori emäntäHella Wuolijoki
44%
Missä kuljimme kerranKjell Westö
44%
Välskärin kertomuksiaZacharias Topelius
44%
ManillaköysiVeijo Meri
38%
PutkinotkoJoel Lehtonen
36%
MoreeniLauri Viita
33%
PääkallokehrääjäIlkka Remes
31%
Harjunpää ja poliisin poikaMatti Yrjänä Joensuu
31%
Pikku Pietarin pihaAapeli
28%
Sonja O. kävi täälläAnja Kauranen
28%
SimpauttajaHeikki Turunen
28%
Huojuva taloMaria Jotuni
28%
Ennen päivänlaskua ei voiJohanna Sinisalo
26%
KätilöKatja Kettu
26%
SudenmorsianAino Kallas
23%
Miss Farkku-SuomiKauko Röyhkä
23%
Tulitikkuja lainaamassaMaiju Lassila
23%
Synkkä yksinpuheluOlavi Paavolainen
23%
Pessi ja IllusiaYrjö Kokko
23%
Teemestarin kirjaEmmi Itäranta
18%
ElmoJuhani Peltonen
18%
PojatPaavo Rintala
18%
Vuosisadan rakkaustarinaMärta Tikkanen
15%
BetoniyöPirkko Saisio
15%
Maa, jota ei oleEdith Södergran
13%
MirdjaL. Onerva
13%
Sarasvatin hiekkaaRisto Isomäki
10%
Myrskyluodon MaijaAnni Blomqvist
8%
Uni ja kuolemaUuno Kailas
8%
LasimaalausAila Meriluoto
5%
Poventsan korpitReino Lehväslaiho
5%
Kollaa kestääErkki Palolampi
3%

Tulosjakauma

Persentiili vastausten määrän mukaan

Jokaisen tuloksen saaneiden osuus

Tuloshistoriasi

Et ole pelannut tätä visaa